| 000 | 00947nam a2200265 a 4500 | ||
|---|---|---|---|
| 005 | 20240531063654.0 | ||
| 008 | 991125s2001 bue 000 0 spa u | ||
| 020 | _a9505822835 | ||
| 035 | _aUPN01000131742 | ||
| 049 | _aCG | ||
| 050 | 4 |
_aRC967 _aD3.88 2001 |
|
| 100 | 1 | _aDejours, Christophe | |
| 245 | 1 | 0 |
_aTrabajo y desgaste mental : _buna contribución a la psicopatología del trabajo / _cChristophe Dejours ; tr. Patricio Neffa. |
| 250 | _a3a ed. | ||
| 260 |
_aBuenos Aires : _bHvmanitas : _bLumen, _c2001. |
||
| 300 | _a199 p. | ||
| 440 | 0 | _aTecnología, trabajo y empleo | |
| 590 | _a(También localizas un ejemplar en el "Area de Reserva") | ||
| 590 | _aBibliografía Básica (BGTQ) | ||
| 534 |
_pTraducción de: _tTravail: usure mentale : essai de psychopeathologie du travail |
||
| 650 | 0 |
_aHigiene Industrial _917547 |
|
| 650 | 2 |
_aTrabajo _xAspectos psicológicos _99033 |
|
| 905 | _aLibro | ||
| 999 |
_c103897 _d103897 |
||